000 00659nam a22002177a 4500
003 UA-OsUOA
001 87925
007 ta
008 20120926b un ||||| |||| 00| 0 ukr d
100 _aСтецюк К.І
090 _a94 (477)
_bС 79
942 _cBK
040 _aUA-OsUOA
_bukr
_cUA-OsUOA
_dUA-OsUOA
245 _aНароднірухи на Лівобережній і Слобідській Україні в 50-70-х роках XVII ст.
300 _a361 с.
955 _a5
041 _aukr
080 _a94 (477)
260 _aК.
_bАкадемія наук
_c1960
650 7 _a9 Географія. Біографії. Історія
_2UDC
999 _c374810
_d374810